<?xml version="1.0" encoding="UTF-8"?>
<record
    xmlns:xsi="http://www.w3.org/2001/XMLSchema-instance"
    xsi:schemaLocation="http://www.loc.gov/MARC21/slim http://www.loc.gov/standards/marcxml/schema/MARC21slim.xsd"
    xmlns="http://www.loc.gov/MARC21/slim">

  <leader>01350nam1a2200301 i 4500</leader>
  <controlfield tag="001">RU\NLR\bibl\299903</controlfield>
  <controlfield tag="005">20260407075955.0</controlfield>
  <datafield tag="035" ind1=" " ind2=" ">
    <subfield code="a">(NLR Aleph) 000295166</subfield>
  </datafield>
  <datafield tag="090" ind1=" " ind2=" ">
    <subfield code="a">1728738</subfield>
    <subfield code="c">1728738</subfield>
  </datafield>
  <datafield tag="100" ind1=" " ind2=" ">
    <subfield code="a">20020829g20009999u  a0rusy50      ca</subfield>
  </datafield>
  <datafield tag="101" ind1="0" ind2=" ">
    <subfield code="a">rus</subfield>
  </datafield>
  <datafield tag="102" ind1=" " ind2=" ">
    <subfield code="a">RU</subfield>
  </datafield>
  <datafield tag="105" ind1=" " ind2=" ">
    <subfield code="a">a   |||||||||</subfield>
  </datafield>
  <datafield tag="200" ind1="1" ind2=" ">
    <subfield code="a">&#x41E;&#x43B;&#x438;&#x43C;&#x43F;&#x438;&#x430;&#x434;&#x44B; &#x448;&#x43A;&#x43E;&#x43B;&#x44C;&#x43D;&#x438;&#x43A;&#x43E;&#x432; &#x43F;&#x43E; &#x44D;&#x43A;&#x43E;&#x43B;&#x43E;&#x433;&#x438;&#x438;</subfield>
    <subfield code="e">&#x412; &#x43F;&#x43E;&#x43C;&#x43E;&#x449;&#x44C; &#x43E;&#x440;&#x433;&#x430;&#x43D;&#x438;&#x437;&#x430;&#x442;&#x43E;&#x440;&#x430;&#x43C; &#x440;&#x435;&#x433;&#x438;&#x43E;&#x43D;. &#x438; &#x43E;&#x431;&#x43B;. &#x43E;&#x43B;&#x438;&#x43C;&#x43F;&#x438;&#x430;&#x434;</subfield>
    <subfield code="e">[&#x41C;&#x435;&#x442;&#x43E;&#x434;. &#x440;&#x443;&#x43A;&#x43E;&#x432;&#x43E;&#x434;&#x441;&#x442;&#x432;&#x43E;]</subfield>
    <subfield code="f">&#x41C;-&#x432;&#x43E; &#x43E;&#x431;&#x440;&#x430;&#x437;&#x43E;&#x432;&#x430;&#x43D;&#x438;&#x44F; &#x420;&#x43E;&#x441;. &#x424;&#x435;&#x434;&#x435;&#x440;&#x430;&#x446;&#x438;&#x438;</subfield>
    <subfield code="g">[&#x422;&#x435;&#x43F;&#x43B;&#x43E;&#x432; &#x414;&#x43C;&#x438;&#x442;&#x440;&#x438;&#x439; &#x41B;&#x44C;&#x432;&#x43E;&#x432;&#x438;&#x447;, &#x422;&#x438;&#x442;&#x43E;&#x432; &#x415;&#x432;&#x433;&#x435;&#x43D;&#x438;&#x439; &#x412;&#x438;&#x43A;&#x442;&#x43E;&#x440;&#x43E;&#x432;&#x438;&#x447;]</subfield>
  </datafield>
  <datafield tag="210" ind1=" " ind2=" ">
    <subfield code="a">&#x41C;.</subfield>
    <subfield code="c">[&#x431;. &#x438;.]</subfield>
    <subfield code="d">2000</subfield>
  </datafield>
  <datafield tag="215" ind1=" " ind2=" ">
    <subfield code="d">21</subfield>
  </datafield>
  <datafield tag="463" ind1=" " ind2="0">
    <subfield code="1">001288398</subfield>
  </datafield>
  <datafield tag="606" ind1=" " ind2=" ">
    <subfield code="a">&#x41E;&#x43B;&#x438;&#x43C;&#x43F;&#x438;&#x430;&#x434;&#x44B; &#x448;&#x43A;&#x43E;&#x43B;&#x44C;&#x43D;&#x44B;&#x435; &#x43F;&#x43E; &#x44D;&#x43A;&#x43E;&#x43B;&#x43E;&#x433;&#x438;&#x438;</subfield>
    <subfield code="9">2214766</subfield>
    <subfield code="3">RU\NLR\auth\661330268</subfield>
  </datafield>
  <datafield tag="606" ind1=" " ind2=" ">
    <subfield code="a">&#x42D;&#x43A;&#x43E;&#x43B;&#x43E;&#x433;&#x438;&#x44F;</subfield>
    <subfield code="x">&#x41E;&#x43B;&#x438;&#x43C;&#x43F;&#x438;&#x430;&#x434;&#x44B; &#x448;&#x43A;&#x43E;&#x43B;&#x44C;&#x43D;&#x44B;&#x435;</subfield>
    <subfield code="9">2214797</subfield>
    <subfield code="3">RU\NLR\auth\661330286</subfield>
  </datafield>
  <datafield tag="686" ind1=" " ind2=" ">
    <subfield code="a">&#x427;426.45-382.16</subfield>
  </datafield>
  <datafield tag="702" ind1=" " ind2="1">
    <subfield code="a">&#x422;&#x435;&#x43F;&#x43B;&#x43E;&#x432;</subfield>
    <subfield code="b">&#x414;. &#x41B;.</subfield>
    <subfield code="g">&#x414;&#x43C;&#x438;&#x442;&#x440;&#x438;&#x439; &#x41B;&#x44C;&#x432;&#x43E;&#x432;&#x438;&#x447;</subfield>
    <subfield code="4">220</subfield>
  </datafield>
  <datafield tag="712" ind1="0" ind2="1">
    <subfield code="4">570</subfield>
    <subfield code="a">&#x420;&#x43E;&#x441;&#x441;&#x438;&#x439;&#x441;&#x43A;&#x430;&#x44F; &#x424;&#x435;&#x434;&#x435;&#x440;&#x430;&#x446;&#x438;&#x44F;</subfield>
    <subfield code="b">&#x41C;&#x438;&#x43D;&#x438;&#x441;&#x442;&#x435;&#x440;&#x441;&#x442;&#x432;&#x43E; &#x43E;&#x431;&#x440;&#x430;&#x437;&#x43E;&#x432;&#x430;&#x43D;&#x438;&#x44F;</subfield>
    <subfield code="3">RU\NLR\AUTH\884572</subfield>
    <subfield code="9">280683</subfield>
  </datafield>
  <datafield tag="801" ind1=" " ind2="0">
    <subfield code="a">RU</subfield>
    <subfield code="b">NLR</subfield>
    <subfield code="c">20020829</subfield>
    <subfield code="g">PSBO</subfield>
  </datafield>
  <datafield tag="801" ind1=" " ind2="1">
    <subfield code="a">RU</subfield>
    <subfield code="b">NLR</subfield>
    <subfield code="c">20020829</subfield>
  </datafield>
  <datafield tag="852" ind1=" " ind2=" ">
    <subfield code="a">NLR</subfield>
    <subfield code="j">2002-4/8812</subfield>
  </datafield>
  <datafield tag="942" ind1=" " ind2=" ">
    <subfield code="c">BOOK</subfield>
  </datafield>
</record>
